00564cam a22001937i 4500020001800000020001500018040000800033082002600041100002800067245005000095250000800145300007600153500002800229500002000257650002300277650002300300650002400323700002300347 a9781319079451 a1319079458 cYDX04a547 VOL 2018 A006 Or.1 aVollhardt, K. Peter C.,10aOrganic chemistry :bstructure and function / a8e. axxxii, 1335, A-73, I-24 pages :billustrations (chiefly color) ;c29 cm aPrevious edition: 2014. aIncludes index. 0aChemistry, Organic 0aChemistry, Organic 7aChemistry, Organic.1 aSchore, Neil Eric,